Demian (Registro nro. 85458)

Detalles MARC
000 -ENCABEZADO
Número de control [NR] 00830nam a22002057a 4500
008 - DE LONGITUD FIJA DE DATOS DE ELEMENTOS - INFORMACIÓN GENERAL
Elementos de longitud fija [NR] 130821s1947 mx gr spa
040 ## - FUENTE DE CATALOGACION [NR]
Agencia de catalogación original [NR] Co-BoUCM
Idioma de catalogación [NR] spa
041 00 - CODIGO DE IDIOMA [R]
Código de idioma para texto/pista de sonido o título separado [R] Español
092 ## - SIGNATURA TOPOGRAFICA LOCAL
Número de clasificación local FN 000077
100 ## - ASIENTO PRINCIPAL--NOMBRE PERSONAL [NR]
Nombre personal [NR] Hesse, Hermann
Fechas asociadas con el nombre [NR] 1877-1962
ID Autoridad 68039
245 00 - MENCION DE TITULO [NR]
Título [NR] Demian
Parte restante del título [NR] historia de la juventud de Emilio Sinclaire
Mención de responsabilidad, etc. [NR] Hermann Hesse, traducción del alem n por Luis López-Ballesteros y de Torres
260 ## - PUBLICACION, DISTRIBUCION, ETC. (PIE DE IMPRENTA) [R]
Lugar de publicación, distribución, etc. [R] México D.F. (México)
Nombre del editor, distribuidor, etc. [R] Editorial Colón
Fecha de publicación, distribución, etc. [R] 1947
300 ## - DESCRIPCION FISICA [R]
Extensión [R] 270 páginas
500 ## - NOTA GENERAL [R]
Nota general [NR] Premio Nóbel de Literatura en 1946. -- Incluye índice. -- Este libro se encuentra en el depósito de la biblioteca
650 04 - ASIENTO SECUNDARIO DE MATERIA - TERMINO TEMATICO [R]
Término temático o nombre geográfico como elemento de entrada [NR] Literatura alemana
9 (RLIN) 18601
650 04 - ASIENTO SECUNDARIO DE MATERIA - TERMINO TEMATICO [R]
Término temático o nombre geográfico como elemento de entrada [NR] Novela alemana
9 (RLIN) 20461
650 04 - ASIENTO SECUNDARIO DE MATERIA - TERMINO TEMATICO [R]
Término temático o nombre geográfico como elemento de entrada [NR] Valores (Filosofía)
9 (RLIN) 26079
700 ## - ASIENTO SECUNDARIO - NOMBRE PERSONAL [R]
Nombre personal [NR] López-Ballesteros y de Torres, Luis.
Término de relación [R]
9 (RLIN) 138045
942 ## - ELEMENTOS DE ENTRADA AGREGADOS (KOHA)
Tipo de ítem principal el descrito en 300a Libro
Tema principal [No clasificado]
Edición 1
Título oculto en OPAC No
Existencias
Signatura topográfica Código de barras Última vez visto Volúmen / Fascículo Ejemplar Price effective from Tipo de ítem Nota pública (OPAC) Perdido Sistema de clasificación Dañado No prestable Tipo de ítem específico Suprimido Ubicación habitual Ubicación actual Localización Fecha de creación Forma de adquisición Costo
~ 120055503 04/12/2025 FN 000077 Ej.1 03/02/2013 Libro Galería de donantes   LOCAL     Libro   Claustro Claustro Procesos Técnicos 28/02/2003 Donación 0.00